Normal view MARC view
  • T̤ufail, Amjad,

Entry Personal Name

Number of records used in: 2

001 - CONTROL NUMBER

  • control field: 14578

003 - CONTROL NUMBER IDENTIFIER

  • control field: NUST

005 - DATE AND TIME OF LATEST TRANSACTION

  • control field: 20190529044337.0

008 - FIXED-LENGTH DATA ELEMENTS

  • fixed length control field: 190529|| aca||aabn | a|a d

040 ## - CATALOGING SOURCE

  • Original cataloging agency: NUST
  • Transcribing agency: NUST

100 ## - HEADING--PERSONAL NAME

  • Personal name: T̤ufail, Amjad,
  • Relator term: author.

670 ## - SOURCE DATA FOUND

  • Source citation: Work cat.: (NUST)0: 880-01 T̤ufail, Amjad, author., Adab kā ʻālamī darīcah /
© 2023 Central Library, National University of Sciences and Technology. All Rights Reserved.